Catalog

Record Details

Catalog Search



Short straw : Ed Eagle   Cover Image Large Print Book Large Print Book

Short straw : Ed Eagle [large print] / by Stuart Woods.

Woods, Stuart. : (author).

Summary:

Santa Fe lawyer Ed Eagle fell in love with the seductive Barbara Kennerly and married her—against his better judgment. Turns out that Ed should have listened to his intuition. On the morning of his fortieth birthday, he awakens to find that Barbara has vanished, and his money has been wired to the Cayman Islands. Barbara, it appears, drugged his birthday wine, neatly cleaned him out and then fled to Mexico, where she can’t be extradited. And as if that weren’t bad enough, when Ed arrives at work that morning he discovers that he’s been assigned a new client: Joe Big Bear, a part-time mechanic charged with a triple homicide, who, Ed soon discovers, may also be embroiled in Barbara’s plot...

Record details

  • ISBN: 1597223220
  • ISBN: 9781597223225
  • Physical Description: 389 pages (large print) ; 23 cm.
  • Edition: Large print edition
  • Publisher: Waterville, Me. : Wheeler Pub., c2006.
Subject: Attorney and client > Fiction.
Santa Fe (N.M.) > Fiction.
Genre: Detective and mystery stories.

Available copies

  • 1 of 1 copy available at scottsboropl.

Holds

  • 0 current holds with 1 total copy.
Show Only Available Copies
Location Call Number / Copy Notes Barcode Shelving Location Status Due Date
scottsboropl F Woo 32269000765142 Adult - Fiction Available -

LDR 00935pam a2200301 a 4500
001128920
003SBPL
00520140703073304.0
008061016s2006 ed 000 0 eng
008060914s2006 meu d 000 1 eng
010 . ‡a 2006023515
010 . ‡a2006023515
020 . ‡a1597223220 ‡q(U.S. hardcover ; ‡qlg. print ; ‡qalk. paper)
020 . ‡a9781597223225 ‡q(U.S. hardcover ; ‡qlg. print ; ‡qalk. paper)
0248 . ‡z9781597223225
035 . ‡a(CONS)128920
035 . ‡a(CPomAG)LMN498223
05010. ‡aPS3573.O642 ‡bS57 2006b
08200. ‡a813/.54 ‡222
1001 . ‡aWoods, Stuart. : ‡eauthor
24510. ‡aShort straw : ‡bEd Eagle ‡h[large print] / ‡cby Stuart Woods.
250 . ‡aLarge print edition
260 . ‡aWaterville, Me. : ‡bWheeler Pub., ‡cc2006.
300 . ‡a389 pages (large print) ; ‡c23 cm.
336 . ‡atext ‡btxt ‡2rdacontent
337 . ‡aunmediated ‡bn ‡2rdamedia
338 . ‡avolume ‡bnc ‡2rdacarrier
4901 . ‡aEd Eagle series. : ‡Bk 2
520 . ‡aSanta Fe lawyer Ed Eagle fell in love with the seductive Barbara Kennerly and married her—against his better judgment. Turns out that Ed should have listened to his intuition. On the morning of his fortieth birthday, he awakens to find that Barbara has vanished, and his money has been wired to the Cayman Islands. Barbara, it appears, drugged his birthday wine, neatly cleaned him out and then fled to Mexico, where she can’t be extradited. And as if that weren’t bad enough, when Ed arrives at work that morning he discovers that he’s been assigned a new client: Joe Big Bear, a part-time mechanic charged with a triple homicide, who, Ed soon discovers, may also be embroiled in Barbara’s plot...
650 0. ‡aAttorney and client ‡vFiction.
651 0. ‡aSanta Fe (N.M.) ‡vFiction.
655 7. ‡aDetective and mystery stories. ‡2lcgft
830 0. ‡aEd Eagle series. ‡nBk 2.
901 . ‡a128920 ‡bUnknown ‡c128920 ‡tbiblio

Additional Resources